Normal view
MARC view
- القران - الفاظ -القران - تراجم - القران - معاجم -القران - قصص
Entry Topical Term
001 - CONTROL NUMBER
- control field: 40739
003 - CONTROL NUMBER IDENTIFIER
- control field: JO-AjAnu
005 - DATE AND TIME OF LATEST TRANSACTION
- control field: 20230606080751.0
008 - FIXED-LENGTH DATA ELEMENTS
- fixed length control field: 230606|| aca||aabn | a|a d
040 ## - CATALOGING SOURCE
- Original cataloging agency: JO-AjAnu
- Transcribing agency: JO-AjAnu
150 ## - HEADING--TOPICAL TERM
- Topical term or geographic name entry element: القران - الفاظ -القران - تراجم - القران - معاجم -القران - قصص
670 ## - SOURCE DATA FOUND
- Source citation: Work cat.: (JO-AjAnu)20881: تصنيف مرزوق، عبد الصبور, author 40738, معجم الأعلام والموضوعات في القرآن الكريم،مج1، ج1